000 00778nam a2200253 i 4500
001 70373
003 ES-MaACL
005 20230906170812.0
007 t|
008 040722s1987 sp |||| |dspa d
020 _a84-7639-028-9
080 _a821.134.2-31"19"
100 1 _aGarcía Sánchez, Javier.
_955263
245 1 0 _aÚltima carta de amor de Carolina von Günderrode a Bettina Brentano /
_cJavier García Sánchez.
250 _a2ª ed.
260 _aBarcelona :
_bMontesinos,
_c1987.
300 _a202 p. ;
_c20 cm.
490 1 _aVisio Tundali. Contemporáneos ;
_v77
504 _aBibliografía.
600 1 4 _aBrentano, Bettina.
_9157533
830 0 _aVisio Tundali. Contemporáneos ;
_v77
_9182782
852 _aES-MaACL
_jG-7492
999 _c70373
_d70373